000 00932nam a2200253Ia 4500
003 OSt
005 20221005103815.0
006 a|||||r|||| 00| 0
007 ta
008 221004b |||||||| |||| 00| 0 hin d
024 _a106719
037 _cTextual
040 _aCRL
_cCRL
_bhin
041 _2hin
_ahin
082 _aO15,1:gN, 152N0
100 _aश्रीवास्तव, आनन्द कुमार
_9160393
245 0 _aआधुनिक संस्कृत काव्यशास्त्र
246 _aĀdhunik sanskṛut kāvyashāstra
260 _aदिल्ली
_bईस्टर्न बुक लिंकर्स भारत
_c1990
300 _a304पृ0
_ccm.
650 _aसंस्कृत साहित्य
942 _hO15,1:gN, 152N0
_cTEXL
_2cc
999 _c1010974
_d1010974